| 000 | 00677nam a22002177a 4500 | ||
|---|---|---|---|
| 999 |
_c9597 _d9597 |
||
| 001 | 9597 | ||
| 003 | BD-JhCC | ||
| 005 | 20180716175836.0 | ||
| 008 | 180320b1990 bg ||||| |||| 00| 0 eng d | ||
| 035 | _a(BD-JhCC)9597 | ||
| 040 |
_aBD-JhCC _dBD-JhCC |
||
| 041 | _aben | ||
| 082 |
_a547 _bKUM 1990 |
||
| 100 | _aকুমার, পাল আনন্দ | ||
| 245 |
_aউচ্চ মাধ্যমিক নূতন রসায়ন : ধাতু / _c পাল আনন্দ কুমার |
||
| 260 |
_aঢাকা : _bশিল্প প্রকাশনী _c1990. |
||
| 300 |
_a374 p. : _c20 cm. |
||
| 650 | _aChemistry | ||
| 942 |
_2ddc _cBK |
||